Statistics for Countries of the World by Capital City Quiz

Click here to take the quiz!

General Stats

  • This quiz has been taken 16 times
  • The average score is 109 of 196

Answers on the Map

Answers color-coded by a green-red scale on the quiz's map according to % correct below.
 

Answer Stats

Answer% Correct
Ottowa
100%
Tokyo
100%
Washington D.C.
100%
Algiers
92%
Beijing
92%
Berlin
92%
Brasília
92%
Buenos Aires
92%
Cairo
92%
Canberra
92%
Cape Town, Pretoria
92%
Copenhagen
92%
Hanoi
92%
Helsinki
92%
London
92%
Moscow
92%
Paris
92%
Ankara
83%
Athens
83%
Bangkok
83%
Bern
83%
Bogotá
83%
Brussels
83%
Dublin
83%
Kyiv
83%
Lima
83%
Lisbon
83%
Madrid
83%
Manila
83%
Mexico City
83%
Minsk
83%
Oslo
83%
Prague
83%
Reykjavík
83%
Rome
83%
Santiago
83%
Stockholm
83%
Tunis
83%
Vienna
83%
Warsaw
83%
Wellington
83%
Zagreb
83%
Baghdad
75%
Budapest
75%
Caracas
75%
Guatemala City
75%
Havana
75%
Islamabad
75%
Jakarta
75%
New Delhi
75%
Pyongyang
75%
Santo Domingo
75%
São Tomé
75%
Sarajevo
75%
Seoul
75%
Sri Jayawardenepura Kotte
75%
Taipei
75%
Ulaanbaatar
75%
Abu Dhabi
67%
Amsterdam
67%
Antananarivo
67%
Asunción
67%
Bucharest
67%
Chișinău
67%
Kabul
67%
Kathmandu
67%
Kuala Lumpur
67%
Mogadishu
67%
Montevideo
67%
Nassau
67%
Panama City
67%
Port Moresby
67%
Quito
67%
Rabat
67%
Riyadh
67%
Sana'a
67%
San Salvador
67%
Tehran
67%
Tripoli
67%
Valletta
67%
Accra
58%
Amman
58%
Asmara
58%
Baku
58%
Bratislava
58%
Damascus
58%
Dhaka
58%
Djibouti
58%
Juba
58%
La Paz
58%
Ljubljana
58%
Lomé
58%
Luanda
58%
Malé
58%
Muscat
58%
Paramaribo
58%
Port-au-Prince
58%
Praia
58%
Pristina
58%
Riga
58%
San José
58%
Sofia
58%
Tallinn
58%
Tegucigalpa
58%
Thimphu
58%
Tirana
58%
Yaoundé
58%
Addis Ababa
50%
Ashgabat
50%
Astana
50%
Belgrade
50%
Belmopan
50%
Dakar
50%
Gaborone
50%
Honiara
50%
Jerusalem
50%
Kampala
50%
Khartoum
50%
Kinshasa
50%
Kuwait City
50%
Lusaka
50%
Luxembourg
50%
Nairobi
50%
N'Djamena
50%
Nicosia
50%
Ouagadougou
50%
Skopje
50%
Suva
50%
Tbilisi
50%
Windhoek
50%
Yerevan
50%
Bamako
42%
Bishkek
42%
Brazzaville
42%
Dodoma
42%
Dushanbe
42%
Freetown
42%
Georgetown
42%
Gitega
42%
Harare
42%
Kigali
42%
Kingston
42%
Libreville
42%
Lilongwe
42%
Managua
42%
Maputo
42%
Nouakchott
42%
Phnom Penh
42%
Victoria
42%
Vientiane
42%
Vilunius
42%
Yamoussoukro
42%
Yaren
42%
Bangui
33%
Beirut
33%
Bissau
33%
Conakry
33%
Malabo
33%
Mbabane
33%
Monrovia
33%
Naypyidaw
33%
Ngerulmud
33%
Nukuʻalofa
33%
Palikir
33%
Podgorica
33%
Port Louis
33%
Tashkent
33%
Andorra La Vella
25%
Apia
25%
Bandar Seri Begawan
25%
Dili
25%
Doha
25%
Funafuti
25%
Majuro
25%
Maseru
25%
Moroni
25%
Port of Spain
25%
Porto-Novo
25%
Port Vila
25%
South Tarawa
25%
Niamey
17%
Singapore
17%
Vaduz
17%
Vatican City
17%
Banjul
8%
Basseterre
8%
San Marino
8%
Abuja
0%
Bridgetown
0%
Castries
0%
Kingstown
0%
Manama
0%
Monaco
0%
Roseau
0%
St. George's
0%
St John's
0%

Score Distribution

Percentile by Number Answered

Percent of People with Each Score

Your Score History

You have not taken this quiz